Polscy siatkarze - nagła śmierć - Statystyki

Ogólne statystyki
  • Ten quiz został rozwiązany 475 razy
  • Średni wynik to 11 z 15
Answers on the Grid
Answers color-coded by a green-red scale on the quiz's grid according to % correct below.
Aleksander Śliwka
Tomasz Adamek
Bartosz Kurek
Mateusz Nowak
Tomasz Fornal
Marcin Możdżonek
Michał Winiarski
Piotr Małachowski
Jakub Kochanowski
Dawid Kubacki
Piotr Gruszka
Sławomir Szmal
Mateusz Poręba
Jakub Popiwczak
Wojciech Półgrabia
Mariusz Wlazły
Rafał Majka
Jerzy Janowicz
Norbert Huber
Karol Snowarski
Robert Kubica
Kamil Semeniuk
Jerzy Dudek
Krzysztof Ratajski
Mateusz Kusznierewicz
Daniel Pliński
Jan Błachowicz
Piotr Gacek
 
Statystyki odpowiedzi
Odpowiedź % Poprawnych
Aleksander Śliwka
95%
Bartosz Kurek
93%
Tomasz Fornal
91%
Jakub Kochanowski
88%
Kamil Semeniuk
80%
Norbert Huber
78%
Michał Winiarski
75%
Mariusz Wlazły
74%
Jakub Popiwczak
73%
Piotr Gruszka
71%
Marcin Możdżonek
67%
Mateusz Poręba
63%
Piotr Gacek
50%
Mateusz Nowak
46%
Daniel Pliński
42%
Nie znaleziono quizów pasujących do podanych kryteriów
Rozkład punktacji
Procent ludzi z każdym wynikiem
Percentyl według liczby udzielonych odpowiedzi
Twoja historia wyników
Nie rozwiązałeś tego quizu